Gaming Quiz

Random Gaming or Video Games Quiz

Fallout Games Quiz Stats

 Plays Quiz Updated Jun 14, 2018

Challenge
Share
Tweet
Embed
Score 0/7 Timer 02:00
1 Play Today
Year Game % Correct
1997Fallout
99.7%
1998Fallout 2
97.8%
2008Fallout 3
97.7%
2015Fallout 4
97.1%
2010Fallout: New Vegas
89.5%
2001Fallout Tactics: Brotherhood of Steel
50%
2004Fallout: Brotherhood of Steel
36.9%

You're not logged in!

Compare scores with friends on all Sporcle quizzes.
Join for Free
OR
Log In

You Might Also Like...

Show Comments

Extras

Top Quizzes Today


Score Distribution

Your Account Isn't Verified!

In order to create a playlist on Sporcle, you need to verify the email address you used during registration. Go to your Sporcle Settings to finish the process.

Report this User

Report this user for behavior that violates our Community Guidelines.

Details: